Sports Quiz

Random Sports or NFL Quiz

Last 5 QB's Drafted by Each NFL Team Quiz Stats

 Plays Quiz not verified by Sporcle

Challenge
Share
Tweet
Embed
Score 0/160 Timer 10:00
0 Plays Today
Team Player % Correct
Atlanta FalconsMatt Ryan
92.5%
Baltimore RavensTroy Smith
92%
Cincinnati BengalsAkili Smith
92%
San Francisco 49ersAlex Smith
92%
Tennessee TitansRusty Smith
92%
Carolina PanthersCam Newton
89.6%
Indianapolis ColtsPeyton Manning
89.4%
San Diego ChargersEli Manning
89.4%
Baltimore RavensJoe Flacco
88.2%
Green Bay PackersAaron Rodgers
85.6%
Detroit LionsMatthew Stafford
84.7%
Arizona CardinalsMatt Leinart
84%
Cincinnati BengalsCarson Palmer
83%
Washington RedskinsJordan Palmer
83%
New York GiantsJesse Palmer
82.8%
Denver BroncosJay Cutler
81.6%
Denver BroncosTim Tebow
80.9%
New York JetsMark Sanchez
79.5%
Cincinnati BengalsAndy Dalton
79%
Minnesota VikingsChristian Ponder
79%
New York GiantsPhilip Rivers
78.3%
Pittsburgh SteelersBen Roethlisberger
77.4%
Chicago BearsKyle Orton
76.9%
Green Bay PackersMatt Flynn
75.9%
Carolina PanthersJimmy Clausen
75.7%
Minnesota VikingsTarvaris Jackson
75.5%
Jacksonville JaguarsBlaine Gabbert
75%
Chicago BearsRex Grossman
74.3%
Oakland RaidersJaMarcus Russell
74.3%
New England PatriotsMatt Cassel
73.8%
Jacksonville JaguarsRob Johnson
73.1%
Tampa Bay BuccaneersJosh Johnson
73.1%
Jacksonville JaguarsByron Leftwich
71.9%
Buffalo BillsJ.P. Losman
71%
Jacksonville JaguarsDavid Garrard
70.3%
St. Louis RamsSam Bradford
69.8%
San Diego ChargersDrew Brees
69.3%
Cleveland BrownsColt McCoy
69.1%
Philadelphia EaglesKevin Kolb
68.9%
Detroit LionsJoey Harrington
68.6%
Indianapolis ColtsCurtis Painter
68.6%
Cleveland BrownsBrady Quinn
67.9%
Jacksonville JaguarsJonathan Quinn
67.7%
Arizona CardinalsJohn Skelton
66.7%
Houston TexansT.J Yates
66%
Buffalo BillsTrent Edwards
65.8%
Miami DolphinsPat White
65.8%
Miami DolphinsChad Henne
65.8%
Dallas CowboysTroy Aikman
65.3%
Tampa Bay BuccaneersJosh Freeman
65.3%
Philadelphia EaglesDonovan McNabb
64.4%
Baltimore RavensDerek Anderson
63.9%
St. Louis RamsRyan Fitzpatrick
63%
Dallas CowboysQuincy Carter
60.8%
Team Player % Correct
Tennessee TitansJake Locker
60.4%
Washington RedskinsJason Campbell
57.1%
Atlanta FalconsMichael Vick
55.4%
Tennessee TitansVince Young
55.4%
Pittsburgh SteelersDennis Dixon
55.2%
New England PatriotsRyan Mallett
53.8%
Atlanta FalconsMatt Schaub
52.4%
Arizona CardinalsJosh McCown
50.7%
Cleveland BrownsLuke McCown
50.7%
New Orleans SaintsMarc Bulger
50.2%
Buffalo BillsTodd Collins
48.1%
Minnesota VikingsJoe Webb
46.7%
Seattle SeahawksJeff Kelly
46.7%
Tennessee TitansSteve McNair
45.3%
San Diego ChargersCharlie Whitehurst
44.6%
Indianapolis ColtsJim Sorgi
44.3%
Detroit LionsDan Orlovsky
43.9%
San Francisco 49ersColin Kaepernick
43.4%
Seattle SeahawksSeneca Wallace
43.4%
Kansas City Chiefs Brodie Croyle
43.2%
Green Bay PackersBrian Brohm
42.7%
Indianapolis ColtsJeff George
42.2%
Baltimore RavensTyrod Taylor
41%
Detroit LionsDrew Stanton
40.8%
New York JetsKellen Clemens
40.1%
Philadelphia EaglesA.J. Feeley
38.9%
Atlanta FalconsKurt Kittner
38%
Dallas CowboysStephen McGee
38%
Miami DolphinsJohn Beck
37.7%
Minnesota VikingsTyler Thigpen
36.8%
Tampa Bay BuccaneersBruce Gradkowski
36.8%
Buffalo BillsLevi Brown
36.1%
Houston TexansB.J Symons
34.7%
Washington RedskinsPatrick Ramsey
34.7%
Philadelphia EaglesAndy Hall
33.7%
Philadelphia EaglesMike Kafka
32.1%
New York JetsGreg McElroy
29.5%
Tampa Bay BuccaneersChris Simms
29.5%
Cleveland BrownsCharlie Frye
28.5%
Oakland RaidersAndrew Walter
28.3%
San Francisco 49ersNate Davis
27.4%
New York JetsBrooks Bollinger
24.5%
Carolina PanthersTony Pike
21.5%
Seattle SeahawksDavid Greene
21.5%
New Orleans SaintsJ.T. O'Sullivan
21%
Green Bay PackersIngle Martin
19.1%
Houston TexansDrew Henson
19.1%
Pittsburgh SteelersTee Martin
19.1%
Chicago BearsCraig Krenzel
16.7%
Detroit LionsMike McMahon
16.3%
New England PatriotsKevin O'Connell
16.3%
Kansas City Chiefs Ricky Stanzi
15.6%
Miami DolphinsScott Mitchell
15.6%
Minnesota VikingsJohn David Booty
15.6%
Team Player % Correct
Seattle SeahawksJosh Booty
15.6%
Atlanta FalconsD.J. Shockley
14.9%
San Francisco 49ersKen Dorsey
14.6%
St. Louis RamsKeith Null
13.9%
Cleveland BrownsSpergon Wynn
13.4%
New York GiantsAndre Woodson
13.2%
New England PatriotsZac Robinson
12.7%
Houston TexansDave Ragone
12%
Washington RedskinsColt Brennan
12%
Oakland RaidersMarques Tuiasosopo
11.8%
Green Bay PackersCraig Nall
11.6%
Arizona CardinalsJohn Navarre
11.1%
Chicago BearsNathan Enderle
9.9%
Baltimore RavensJosh Harris
9.7%
New York JetsErik Ainge
9.7%
Chicago BearsDan LeFevour
8.5%
Denver BroncosMatt Mauck
7.8%
Kansas City Chiefs Steve Matthews
7.5%
New York GiantsRhett Bomar
7.3%
Dallas CowboysScott Secules
7.1%
New Orleans SaintsDanny Wuerffel
6.8%
New Orleans SaintsSean Canfield
6.4%
New Orleans SaintsAdrian McPherson
5.2%
Oakland RaidersBilly Joe Hobert
5.2%
Pittsburgh SteelersOmar Jacobs
5.2%
Denver BroncosTom Brandstater
4.5%
New England PatriotsKliff Kingsbury
4.5%
San Francisco 49ersCody Pickett
4.5%
Carolina PanthersStefan LeFors
4%
St. Louis RamsJeff Smoker
4%
San Diego ChargersJonathan Crompton
3.5%
Seattle SeahawksMike Teel
3.1%
Cincinnati BengalsJeff Rowe
2.8%
Carolina PanthersRandy Fasani
2.4%
Pittsburgh SteelersBrian St. Pierre
2.4%
New York GiantsMike Cherry
2.1%
St. Louis RamsJoe Germaine
2.1%
Tampa Bay BuccaneersJoe Hamilton
2.1%
Denver BroncosBradlee Van Pelt
1.9%
Houston TexansAlex Brink
1.9%
Miami DolphinsJosh Heupel
1.9%
Kansas City Chiefs Steve Stenstrom
1.7%
Dallas CowboysBill Musgrave
1.4%
Cincinnati BengalsCasey Bramlet
0.9%
Washington RedskinsGibran Hamdan
0.9%
Kansas City Chiefs Pat Barnes
0.5%
Oakland RaidersRonald Curry
0.5%
Arizona CardinalsChris Greisen
0.2%
Buffalo BillsBrian McClure
0.2%
Indianapolis ColtsGene Benhart
0%
San Diego ChargersSeth Burford
0%
Tennessee TitansKevin Daft
0%

You're not logged in!

Compare scores with friends on all Sporcle quizzes.
Join for Free
OR
Log In

You Might Also Like...

Show Comments

Extras

Created Jan 15, 2012SourceReportNominate
Tags:NFL Quiz, draft, last, team

Top Quizzes Today


Score Distribution

Your Account Isn't Verified!

In order to create a playlist on Sporcle, you need to verify the email address you used during registration. Go to your Sporcle Settings to finish the process.

Report this User

Report this user for behavior that violates our Community Guidelines.

Details: